Bonjour en 15 langues - Statistiques

Statistiques générales
  • Ce quiz a été pris 721 fois
  • Le résultat moyen est 4 sur 15
Statistiques - réponses
Langue Traduction % Correct
Français Bonjour
100%
Anglais Hello
98%
Espagnol Buenos dias
56%
Allemand Hallo
51%
Italien Buongiorno
16%
Portugais Olà
14%
Créole Bonjou
13%
Latin Salve
6%
Norvégien Hallo
2%
Russe Привет
1%
Suédois Hallå
1%
Islandais Halló
1%
Danois Hej
1%
Albanais Përshëndetje
0%
Polonais Witam
0%
Aucun quiz correspondant
Distribution des résultats
% des personnes avec chaque résultat
Percentile par nombre de réponses
Votre historique - résultats
Vous n’avez pas pris ce quiz